Govt. of
Madhya Pradesh

नयी सदी नयी कहानिया (Record no. 69029)

MARC details
000 -LEADER
fixed length control field 00377nam a22001097a 4500
082 ## - DEWEY DECIMAL CLASSIFICATION NUMBER
Classification number 891.433/PAN/S
100 ## - MAIN ENTRY--AUTHOR NAME
Personal name पाण्डेय, मृत्‍युंजय
245 ## - TITLE STATEMENT
Title नयी सदी नयी कहानिया
260 ## - PUBLICATION, DISTRIBUTION, ETC. (IMPRINT)
Place of publication कोलकाता
Name of publisher आनन्‍द प्रकाशन
Year of publication 2020
650 ## - SUBJECT ADDED ENTRY--TOPICAL TERM
Topical Term कहानियां
942 ## - ADDED ENTRY ELEMENTS (KOHA)
Koha item type Hindi Books
Holdings
Withdrawn status Lost status Damaged status Not for loan Home library Current library Date acquired Cost, normal purchase price Full call number Accession Number Price effective from Koha item type
        MACL MACL 09/04/2026 800.00 891.433/PAN/S CRH039109 09/04/2026 Hindi Books